The 25 Brightest Stars - Statistics

General Stats
  • This quiz has been taken 195 times
  • The average score is 16 of 25
Answer Stats
Magnitude Info Star % Correct
-26.7 Seen in the day. Sun
96%
0.5 Orion's right shoulder. Betelgeuse
93%
-1.5 Brightest of the night. Sirius
92%
0.1 Orion's left foot. Rigel
88%
-0.3 The 2nd closest star. Alpha Centauri
86%
0 Sapphire of the lyre. Vega
82%
-0.7 So far away, yet so bright. Canopus
73%
0.8 Of the Summer Triangle. Altair
71%
1 Heart of the scorpion. Antares
69%
-0.1 Luminous red giant. Arcturus
69%
1.3 Of the Summer Triangle. Deneb
67%
0.9 Famous, orange star. Aldebaran
66%
0.3 One of the closest. Procyon
66%
0.8 Of the Southern Cross. Acrux
64%
0.1 Queen of the winter. Capella
60%
1.4 Heart of the lion. Regulus
57%
1.1 Another red giant. Pollux
53%
1 "Speed on to.." Spica
52%
0.6 Close to #4 on this list. Hadar
49%
0.5 Blue of the river. Achernar
48%
1.6 Strongly linked with #18. Castor
44%
1.2 The #6 of the south. Fomalhaut
42%
1.3 Of the Southern Cross. Mimosa
39%
1.6 Tail of the scorpion. Shaula
29%
1.5 Close to #2 of this list. Adhara
26%
No matching quizzes found
Score Distribution
Percent of People with Each Score
Percentile by Number Answered
Your Score History
You have not taken this quiz